[Event "Collado Villalba 64 op 7th"]
[Site "Collado Villalba"]
[Date "2019.08.01"]
[Round "5"]
[White "Farmer Negrini, Leo"]
[Black "Relano Garcia, Victor"]
[Result "1-0"]
[WhiteElo "1719"]
[BlackElo "1397"]
[PlyCount "87"]
[EventDate "2019.07.29"]
[EventType "swiss"]
[EventRounds "9"]
[EventCountry "ESP"]
[SourceTitle "CBM 195 Extra"]
[Source "ChessBase"]
[SourceDate "2020.05.31"]
[SourceVersion "1"]
[SourceVersionDate "2020.05.31"]
[SourceQuality "1"]

1. e4 e5 2. Nf3 Nc6 3. c3 d6 4. Bc4 h6 5. b4 a6 6. Qb3 Qf6 7. d4 Bg4 8. Nbd2 Nge7 9. dxe5 dxe5 10. 0-0 Ng6 11. a4 Bd6 12. Bb2 0-0 13. Bd5 Nd8 14. b5 Be6 15. c4 Nf4 16. bxa6 Bxd5 17. cxd5 Rxa6 18. Nc4 Qe7 19. Ncxe5 Rb6 20. Qc2 f6 21. Nc4 Ra6 22. Nxd6 cxd6 23. Nd4 Nf7 24. Nf5 Qd7 25. Bc1 Ng6 26. Be3 Ne7 27. Nxe7+ Qxe7 28. f3 Qd7 29. Rfb1 Rfa8 30. Qb3 Nd8 31. Bb6 Nf7 32. a5 Ne5 33. h3 Qc8 34. Rc1 Qe8 35. Rc7 Rb8 36. Rac1 Nd7 37. Qb4 Nxb6 38. axb6 Qd8 39. Qb5 Kh7 40. Rb1 Kg6 41. Rxb7 Rba8 42. Rd7 Qb8 43. b7 Ra1 44. bxa8Q 1-0